The Social Movements Reader : (Record no. 13876)
[ view plain ]
| 000 -LEADER | |
|---|---|
| fixed length control field | 01753cam a2200325 a 4500 |
| 001 - CONTROL NUMBER | |
| control field | 15551704 |
| 005 - DATE AND TIME OF LATEST TRANSACTION | |
| control field | 20090827151514.0 |
| 008 - FIXED-LENGTH DATA ELEMENTS--GENERAL INFORMATION | |
| fixed length control field | 081210s2009 enka b 001 0 eng |
| 010 ## - LIBRARY OF CONGRESS CONTROL NUMBER | |
| LC control number | 2008052032 |
| 020 ## - INTERNATIONAL STANDARD BOOK NUMBER | |
| International Standard Book Number | 9781405187640 (pbk. : alk. paper) |
| 020 ## - INTERNATIONAL STANDARD BOOK NUMBER | |
| International Standard Book Number | 1405187646 (pbk. : alk. paper) |
| 035 ## - SYSTEM CONTROL NUMBER | |
| System control number | (OCoLC)ocn281092095 |
| 040 ## - CATALOGING SOURCE | |
| Original cataloging agency | DLC |
| Transcribing agency | DLC |
| Modifying agency | YDXCP |
| -- | BWKUK |
| -- | BWK |
| -- | BWX |
| -- | OCLCQ |
| -- | DLC |
| 050 00 - LIBRARY OF CONGRESS CALL NUMBER | |
| Classification number | HM881 |
| Item number | .S64 2009 |
| 082 00 - DEWEY DECIMAL CLASSIFICATION NUMBER | |
| Edition number | 22 |
| Classification number | 303.484 |
| Item number | SOC |
| 245 04 - TITLE STATEMENT | |
| Title | The Social Movements Reader : |
| Remainder of title | Cases and Concepts / |
| Statement of responsibility, etc | Edited by Jeff Goodwin and James M. Jasper. |
| 250 ## - EDITION STATEMENT | |
| Edition statement | 2nd ed. |
| 260 ## - PUBLICATION, DISTRIBUTION, ETC. (IMPRINT) | |
| Place of publication, distribution, etc | Chichester, U.K. : |
| Name of publisher, distributor, etc | Wiley-Blackwell, |
| Date of publication, distribution, etc | c2009. |
| 300 ## - PHYSICAL DESCRIPTION | |
| Extent | xiv, 458 p. : |
| Other physical details | ill. ; |
| Dimensions | 25 cm. |
| 490 #0 - Series Statement | |
| Series statement | Blackwell readers in sociology ; |
| Volume/sequential designation | 12 |
| 504 ## - BIBLIOGRAPHY, ETC. NOTE | |
| Bibliography, etc | Includes bibliographical references and index. |
| 505 0# - FORMATTED CONTENTS NOTE | |
| Formatted contents note | Introduction -- When and why do social movements occur? -- Who joins or supports movements? -- Who remains in movements, and who drops out? -- What do movement participants think and feel? -- How are movements organized? -- What do movements do? -- How do institutions influence movements? -- Why do movements decline? -- What changes do movements bring about? |
| 650 #0 - SUBJECT ADDED ENTRY--TOPICAL TERM | |
| Topical term or geographic name as entry element | Social movements. |
| 9 (RLIN) | 13465 |
| 650 #0 - SUBJECT ADDED ENTRY--TOPICAL TERM | |
| Topical term or geographic name as entry element | Social movements |
| Form subdivision | Case studies. |
| 9 (RLIN) | 13466 |
| 700 1# - ADDED ENTRY--PERSONAL NAME | |
| Personal name | Goodwin, Jeff. |
| 9 (RLIN) | 13467 |
| 700 1# - ADDED ENTRY--PERSONAL NAME | |
| Personal name | Jasper, James M., |
| Dates associated with a name | 1957- |
| 9 (RLIN) | 13468 |
| 942 ## - ADDED ENTRY ELEMENTS (KOHA) | |
| Source of classification or shelving scheme | Dewey Decimal Classification |
| Item type | Book - Borrowing |
| Withdrawn status | Item status | Source of classification or shelving scheme | Damaged status | Not for loan | Vendor | Home library | Current library | Shelving location | Date acquired | Source of acquisition | Total Checkouts | Total Renewals | Full call number | Barcode | Date last seen | Date last borrowed | Koha item type |
|---|---|---|---|---|---|---|---|---|---|---|---|---|---|---|---|---|---|
| Dewey Decimal Classification | Baccah | Central Library | Central Library | First floor | 13/04/2010 | 11 | 46 | 303.484 SOC | 000020606 | 08/10/2025 | 07/10/2025 | Book - Borrowing |